Belehrad poznámky 1995-2001

Bibliographic Details
Main Author: Mojžita, Miroslav, 1951- (Author)
Other Authors: Jovanovič-Macak, Zoran (Photographer), Vujanovič, Petar (Photographer), Demeš, Pavol, 1956- (Photographer), Lukáč, Pavol, 1970-2004 (Author of afterword, colophon, etc.)
Format: Book
Language:Slovak
PhysicalDescription:231 strán fotografie 22 cm
Published: Bratislava Dilema 2003
ISBN:8089114040
Edition:1. vyd.
Series:Knihy Dilemy
Subjects:

MARC

LEADER 00000cam a2200000 a 4500
001 vtls001457048
003 SK-MaSNL
005 20260426020501.0
008 240226s2003 xo o fr 000 0 slo
015 |a SNBA2004/02-02036 
020 |a 8089114040  |q (viazané) 
035 |a SNK000412355 
035 |a urn:nbn:sk:snk-am3j1aq 
035 |a EB50AF67-EC6D-40FA-B79C-9B5FBF00CA01 
035 |a urn:nbn:sk:snk-am00ggml 
040 |a SNK  |b slo  |c SNK  |e AACR2 
041 0 |a slo 
043 |a e-yu--- 
044 |a xo  |c SK 
072 7 |a 327  |x Medzinárodné vzťahy, svetová politika  |2 konspekt 
080 |a 323(497.11)  |2 1997 
080 |a 327(497.11)  |2 1997 
080 |a 341.221.4  |2 2011 
080 |a 341.7  |2 2011 
080 |a (497.1)  |2 2011 
080 |a (0:82-94)  |2 2011 
080 |a (048.8)  |2 2011 
080 |a 323  |2 2011 
100 1 |a Mojžita, Miroslav,  |d 1951-  |4 aut  |9 117902 
245 1 0 |a Belehrad  |b poznámky 1995-2001  |c Miroslav Mojžita ; [doslov napísal Pavol Lukáč ; fotografie: Zoran Jovanovič-Macak, Petar Vujanovič, Pavol Demeš] 
250 |a 1. vyd. 
260 |a Bratislava  |b Dilema  |c 2003 
300 |a 231 strán  |b fotografie  |c 22 cm 
490 1 |a Knihy Dilemy 
500 |a Fotografie na titulnej strane, frontispice a predsádkach 
648 7 |a 1995-2001  |2 SNKPH  |9 392632 
650 0 7 |a diplomacia  |2 SNKPH  |9 1254 
650 0 7 |a medzinárodné vzťahy  |2 SNKPH  |9 3690 
650 0 7 |a vnútorná politika  |2 SNKPH  |9 970 
651 7 |a Juhoslávia  |2 SNKPHgeo  |9 22118 
655 7 |a spomienky  |2 SNKPH  |9 29509 
655 7 |a monografie  |2 SNKPH  |9 70139 
700 1 |a Jovanovič-Macak, Zoran  |4 pht  |9 766173 
700 1 |a Vujanovič, Petar  |4 pht  |9 766174 
700 1 |a Demeš, Pavol,  |d 1956-  |4 pht  |9 101638 
700 1 |a Lukáč, Pavol,  |d 1970-2004  |4 aft  |9 89416 
830 0 |a Knihy Dilemy  |9 296960 
919 |a 80-89114-04-0 
958 |a TL 
958 |a SP 
958 |a OND 
999 |c 1212821  |d 1214751 
952 |t P60, <03>, [BOOK], {603}  |a SNK  |b SNK  |y PREZ  |7 0  |p 17A0391559  |o snkSC 112323  |i snkKSP 8822/2003  |0 0  |1 0  |4 0  |d 2003-07-23  |f 1  |l 0  |r 2025-10-02 00:00:00  |w 2026-02-24 
952 |t P60, <04>, [BOOK], {604}  |a SNK  |b SNK  |y VYP  |7 0  |p 17A0391558  |o snkSC 112323 D1  |i snkKSP 8823/2003  |0 0  |1 0  |4 0  |d 2003-07-23  |l 0  |r 2005-01-02 00:00:00  |w 2026-02-24